01142nam a2200193Ia 4500001001100000003001000011008004100021040002500062041001300087100003900100245005200139250001100191260006600202300001200268500026000280501011400540520026000654650003400914L240-12252IT-CnALBA170116s9999||||xx |||||||||||||| ||und|| aIT-CnALBAcIT-CnALBA aITALIANO aSCOTTI-PAGLIARA DOMENICO, CANONICO 0aESERCIZI SPIRITUALI. ISTRUZIONI E MEDITAZIONI.  a4a ed. aNAPOLIbRONDINELLA E LOFFREDO LIB. ED. c1899 [1° Ed.: n.d.] a542 p.  aSIMBOLO. ORAZIONE DOMENICALE. DECALOGO. SACRAMENTO DELLA PENITENZA. MISERICORDIA DI DIO. ANIMA PECCATO GIUSTIZIA. NOVISSIMI SALVEZZA. DANNAZIONE. COSCIENZA. ANIMA IN GRAZIA. SOFFERENZA. BENEFICIO DIVINO. INGRATITUDINE UMANA. MORTE DEL PECCATORE, DEL GIUST aSocietà San Paolo EM - Piazza San Paolo, 14 - 12051 ALBA (CN) (non commercial uses only) ® Copyright 2017 aSIMBOLO. ORAZIONE DOMENICALE. DECALOGO. SACRAMENTO DELLA PENITENZA. MISERICORDIA DI DIO. ANIMA PECCATO GIUSTIZIA. NOVISSIMI SALVEZZA. DANNAZIONE. COSCIENZA. ANIMA IN GRAZIA. SOFFERENZA. BENEFICIO DIVINO. INGRATITUDINE UMANA. MORTE DEL PECCATORE, DEL GIUST aTEOLOGIA SPIRITUALE CRISTIANA